000 00525nam a22001817a 4500
999 _c18111
_d18111
003 AR-CdUCM
008 190511b ||||| |||| 00| 0 spa d
040 _aMUNICIPALIDAD PROVINCIAL DEL CUSCO
_cBIBLIOTECA MUNICIPAL DEL CUSCO
082 _a869.56 /
_bA24
100 _aAdolph, Jose B.
_917611
245 _aMañana, las ratas /
260 _aLima :
_bMosca Azul,
_c1984.
300 _a177 páginas ;
_c21 cm.
505 _aLiteratura peruana.
650 _aLiteratura peruana.
_9169
942 _2ddc
_cLIBROS
945 _awfj